Celebridades 4 - Statistics

Estatísticas Gerais
  • Esse quiz foi jogado 191 vezes
  • A pontuação média é 9 de 15
Estatísticas das Respostas
Imagem Resposta % Correto
Adele
91%
Angelina Jolie
90%
Elvis Presley
83%
Eminem
80%
Kim Kardashian
76%
Nicki Minaj
76%
Jay-Z
68%
Justin Timberlake
65%
Nicolas Cage
65%
Sia
54%
Cher
50%
Iggy Azalea
29%
Megan Markle
29%
Adam Lavine
22%
Kylie Minogue
3%
Nenhum quiz correspondente encontrado
Distribuição das Pontuações
Porcentagem de Pessoas com Cada Pontuação
Percentil de Números Respondidos
Sua Pontuação Histórica
Você não jogou esse quiz